Kryogenní přívody proudu

Bibliographic Details
Main Author: Žížek, František, 1939- (Author)
Format: Article
Language:Slovak
Czech
PhysicalDescription:Obr. 18. Res. rus., nem., angl.
Subjects:

MARC

LEADER 00000nab a2200000 a 4500
001 vtls000116249
003 SK-MaSNL
005 20260304051102.0
008 250422c1982 xo 0 slo
015 |a SNBRB19rr/mm-uuuuu 
035 |a CL0126354 
035 |a urn:nbn:sk:snk-abczga 
035 |a (urnnbn)urn:nbn:sk:snk:ar-006uyz 
035 |a (uuid)eec958ee-a961-4b9a-b2bb-52ea0caf6528 
040 |a SNKBUCL  |b slo  |c SNKBUCL  |e AACR2 
041 0 |a cze 
044 |a xo  |c SK 
080 |a 621.31  |2 1981 
100 1 |a Žížek, František,  |d 1939-  |4 aut  |9 105502 
245 1 0 |a Kryogenní přívody proudu  |c František Žížek 
300 |b Obr. 18. Res. rus., nem., angl. 
650 0 7 |a supravodiče  |2 snkbucl  |9 375873 
655 7 |a články z novín a časopisov  |2 snkbucl  |9 267496 
773 0 |t Elektrotechnický časopis  |g Roč. 33, č. 4 (1982), s. 298-311 
850 |a Slovenská národná knižnica 
852 |a Slovenská národná knižnica 
954 |a odborná, vedecká literatúra cudzojazyčná (svetová)  |2 lita 
958 |a article17 
958 |a OND 
958 |a RK 
958 |a CZ 
958 |a EUIPO 
992 |a RBX 
999 |c 2701821  |d 2703751